00000000nam 2200000zi 4500
0019.952594
003CaOODSP
00520250826135814
006m     o  d f      
007cr cn|||||||||
008250623t20252025onca    o    f000 0 fre d
020 |a9780660779263
040 |aCaOODSP|bfre|erda|cCaOODSP
043 |an-cn---
0861 |aA104-660/2025F-PDF
24500|aÉtiquetage des allergènes alimentaires : |bressource pour l'industrie.
264 1|a[Ottawa] : |bAgence canadienne d'inspection des aliments = Canadian Food Inspection Agency, |c[2025]
264 4|c©2025
300 |a1 ressource en ligne (2 pages non numérotées) : |billustrations
336 |atexte|btxt|2rdacontent/fre
337 |ainformatique|bc|2rdamedia/fre
338 |aressource en ligne|bcr|2rdacarrier/fre
500 |aTitre de départ.
500 |aPublié aussi en anglais sous le titre : Food allergen labelling : industry resource.
520 |a« Si vous vendez ou produisez un aliment emballé contenant des allergènes alimentaires prioritaires, des sources de gluten ou des sulfites ajoutés, alors votre produit est probablement visé par l'étiquetage des allergènes » -- Page [1].
650 6|aAllergie alimentaire|zCanada.
650 6|aAliments|xÉtiquetage|xNormes|zCanada.
7102 |aAgence canadienne d'inspection des aliments, |eorganisme de publication.
77508|tFood allergen labelling : |w(CaOODSP)9.952593
85640|qPDF|s164 Ko|uhttps://publications.gc.ca/collections/collection_2025/acia-cfia/A104-660-2025-fra.pdf
8564 |qHTML|sS.O.|uhttps://inspection.canada.ca/fr/etiquetage-aliments/etiquetage/industrie/comment-etiqueter-allergenes